Normal view
MARC view
- Fire prevention.
Entry Topical Term
001 - CONTROL NUMBER
- control field: 2838
003 - CONTROL NUMBER IDENTIFIER
- control field: NUST
005 - DATE AND TIME OF LATEST TRANSACTION
- control field: 20170616122138.0
008 - FIXED-LENGTH DATA ELEMENTS
- fixed length control field: 170616|| aca||aabn | a|a d
040 ## - CATALOGING SOURCE
- Original cataloging agency: NUST
- Transcribing agency: NUST
150 ## - HEADING--TOPICAL TERM
- Topical term or geographic name entry element: Fire prevention.
670 ## - SOURCE DATA FOUND
- Source citation: Work cat.: (NUST)0: Eckhoff, Rolf K. 2836, Dust explosions in the process industries /, c2003.
